Siete teorías de la naturaleza humana / (Record no. 147948)

MARC details
000 -LEADER
campo de control de longitud fija 00604nam a2200205 4500
001 - NÚMERO DE CONTROL
campo de control 147948
003 - IDENTIFICADOR DE NÚMERO DE CONTROL
campo de control ES-MaACL
005 - FECHA Y HORA DE LA ÚLTIMA TRANSACCIÓN
campo de control 20230906202341.0
007 - CAMPO FIJO DE DESCRIPCIÓN FÍSICA--INFORMACIÓN GENERAL
campo de control de longitud fija t|
008 - DATOS DE LONGITUD FIJA--INFORMACIÓN GENERAL
campo de control de longitud fija 070214s1978 sp r ||||1| spa d
100 1# - ENTRADA PRINCIPAL--NOMBRE DE PERSONA
Nombre de persona Stevenson, Leslie.
9 (RLIN) 108168
245 10 - MENCIÓN DEL TÍTULO
Título Siete teorías de la naturaleza humana /
Mención de responsabilidad, etc. Leslie Stevenson ; traducción de Elena Ibáñez.
260 ## - PUBLICACIÓN, DISTRIBUCIÓN, ETC.
Lugar de publicación, distribución, etc. Madrid :
Nombre del editor, distribuidor, etc. Cátedra,
Fecha de publicación, distribución, etc. [1978] (
Fabricante Velograf)
300 ## - DESCRIPCIÓN FÍSICA
Extensión 173 p. ;
Dimensiones 18 cm.
490 1# - MENCIÓN DE SERIE
Mención de serie Teorema
700 0# - ENTRADA AGREGADA--NOMBRE PERSONAL
Nombre de persona Ibáñez, Elena.
9 (RLIN) 64903
830 0# - PUNTO DE ACCESO ADICIONAL DE SERIE-TÍTULO UNIFORME
Título uniforme Teorema
9 (RLIN) 181356
852 ## - LOCALIZACIÓN
Ubicación ES-MaACL
Número de control de estantería A-8567
Sublocalización o colección R.97489
Holdings
Estatus retirado Estado de pérdida Estado de daño No para préstamo Biblioteca de origen Biblioteca actual Ubicación en estantería Fecha de adquisición Fuente de adquisición Total de préstamos Signatura topográfica completa Código de barras Visto por última vez Precio de reemplazo Tipo de ítem Koha
        Biblioteca del Ateneo de Madrid Biblioteca del Ateneo de Madrid Depósito 1 17/01/2008     A-8567 1154401 23/02/2023 23/02/2023 Libro impreso